Statystyki dla Indywidualni mistrzowie Polski na żużlu

Kliknij tutaj aby rozwiązać quiz!

Ogólne statystyki

  • Ten quiz został rozwiązany 842 razy
    (108 od ostatniego zresetowania)
  • Średni wynik to 34 z 75

Statystyki odpowiedzi

RokZawodnik% Poprawnych
2023Bartosz Zmarzlik
100%
2022Bartosz Zmarzlik
100%
2021Bartosz Zmarzlik
100%
2006Tomasz Gollob
91%
1992Tomasz Gollob
91%
1993Tomasz Gollob
91%
1994Tomasz Gollob
91%
1995Tomasz Gollob
91%
2001Tomasz Gollob
91%
2009Tomasz Gollob
91%
2002Tomasz Gollob
91%
2020Maciej Janowski
89%
2015Maciej Janowski
89%
2018Piotr Pawlicki
85%
2011Jarosław Hampel
84%
2016Patryk Dudek
80%
2005Janusz Kołodziej
76%
2019Janusz Kołodziej
76%
2010Janusz Kołodziej
76%
2013Janusz Kołodziej
76%
2014Krzysztof Kasprzak
69%
1999Piotr Protasiewicz
65%
2017Szymon Woźniak
65%
1983Edward Jancarz
62%
1975Edward Jancarz
62%
2000Jacek Gollob
60%
1998Jacek Gollob
60%
2007Rune Holta
55%
2003Rune Holta
55%
1985Zenon Plech
55%
1974Zenon Plech
55%
1979Zenon Plech
55%
1972Zenon Plech
55%
1984Zenon Plech
55%
1949Alfred Smoczyk
47%
1966Antoni Woryna
44%
2004Grzegorz Walasek
42%
1996Sławomir Drabik
40%
1991Sławomir Drabik
40%
2008Adam Skórnicki
38%
1988Roman Jankowski
38%
1981Roman Jankowski
38%
2012Tomasz Jędrzejak
38%
1982Andrzej Huszcza
29%
1997Jacek Krzyżaniak
24%
1953Florian Kapała
18%
1956Florian Kapała
18%
1961Florian Kapała
18%
1962Florian Kapała
18%
1964Andrzej Wyglenda
16%
1973Andrzej Wyglenda
16%
1969Andrzej Wyglenda
16%
1968Andrzej Wyglenda
16%
1978Bernard Jąder
16%
1980Bernard Jąder
16%
1963Henryk Żyto
16%
1987Wojciech Żabiałowicz
16%
1976Zdzisław Dobrucki
15%
1990Zenon Kasprzak
15%
1977Bogusław Nowak
13%
1965Stanisław Tkocz
13%
1958Stanisław Tkocz
13%
1989Wojciech Załuski
13%
1950Józef Olejniczak
11%
1986Maciej Jaworek
11%
1955Włodzimierz Szwendrowski
11%
1951Włodzimierz Szwendrowski
11%
1970Edmund Migoś
9%
1971Jerzy Gryt
9%
1957Marian Kaiser
9%
1954Mieczysław Połukard
9%
1959Stefan Kwoczała
9%
1952Edward Kupczyński
7%
1967Zygmunt Pytko
7%
1960Konstanty Pociejkowicz
5%

Rozkład punktacji

Percentyl według liczby udzielonych odpowiedzi

Procent ludzi z każdym wynikiem

Twoja historia wyników

Nie rozwiązałeś tego quizu od ostatniego zresetowania